00611nam a2200193Ia 4500008004100000020000700041082001200048100001600060245002500076250000800101260003800109300002800147500001900175600003300194650001600227942000700243952015000250999001700400240925s9999 xx 000 0 und d aNA a512 YUS aYusuf, S.M. 0aMathematical Methods a2nd aLahore:bIlmi Kitab Khanac,1996. axix,758p.bN.AfPirated aIncludes Index aHumanities & Natural Science aMathematics cBK 001040708HUMaUITUbUITUd2012-04-19eFair Book Centerg295.00l1o512 YUSpQ9208q2026-05-08r2025-10-30 10:49:44s2025-10-30w2024-09-25yBK c11707d11707